Epuration extrarenale en reanimation (Record no. 51561)
[ view plain ]
| 000 -LEADER | |
|---|---|
| fixed length control field | 00677nam a22002177a 4500 |
| 003 - CONTROL NUMBER IDENTIFIER | |
| control field | 0 |
| 005 - DATE AND TIME OF LATEST TRANSACTION | |
| control field | 20160609171805.0 |
| 008 - FIXED-LENGTH DATA ELEMENTS--GENERAL INFORMATION | |
| fixed length control field | 130624t xxu||||| |||| 00| 0 eng d |
| 020 ## - NUMERO INTERNATIONAL NORMALISE DES LIVRES | |
| International Standard Book Number | 2294006623 |
| 040 ## - SOURCE DU CATALOGAGE | |
| Original cataloging agency | BUAC |
| Language of cataloging | Fre |
| Transcribing agency | BFSS |
| 100 ## - VEDETTE PRINCIPALE - NOM DE PERSONNE | |
| Personal name | JOURNOIS,Didier |
| 9 (RLIN) | 24768 |
| 245 ## - TITLE STATEMENT | |
| Title | Epuration extrarenale en reanimation |
| Statement of responsibility, etc | /par: JOURNOIS,Didier;SHORTGEN,Frederique |
| 260 ## - PUBLICATION, DISTRIBUTION, ETC. (IMPRINT) | |
| Place of publication, distribution, etc | Paris |
| Name of publisher, distributor, etc | Masson |
| Date of publication, distribution, etc | 2003 |
| 300 ## - PHYSICAL DESCRIPTION | |
| Extent | XIII-243p. |
| Other physical details | fig. |
| Dimensions | 18 cm |
| 440 ## - SERIES STATEMENT/ADDED ENTRY--TITLE | |
| Title | Pratique en anesthesie reanimation et urgences |
| 9 (RLIN) | 24769 |
| 504 ## - BIBLIOGRAPHY, ETC. NOTE | |
| Bibliography, etc | Bibliogr. p.240 |
| 653 ## - INDEX TERM--UNCONTROLLED | |
| Uncontrolled term | epuration:extrarenale:reanimation |
| 700 ## - ADDED ENTRY--PERSONAL NAME | |
| Personal name | SHORTGEN,Frederique |
| 9 (RLIN) | 24770 |
| 800 ## - SERIES ADDED ENTRY--PERSONAL NAME | |
| Personal name | DESMONTS,J-M. |
| 9 (RLIN) | 24771 |
| 942 ## - ADDED ENTRY ELEMENTS (KOHA) | |
| Koha item type | Livre |
| Withdrawn status | Lost status | Damaged status | Not for loan | Location (home branch) | Sublocation or collection (holding branch) | Date acquired | Source of acquisition | Koha issues (times borrowed) | Koha full call number | Piece designation (barcode) | Koha date last seen | Copy number | Price effective from | Koha item type |
|---|---|---|---|---|---|---|---|---|---|---|---|---|---|---|
| Bibliothèque Faculté des Sciences de la Santé | Bibliothèque Faculté des Sciences de la Santé | Achat | WJ300 JOU | 9903BFSS | 24/06/2013 | 1 | 24/06/2013 | Livre | ||||||
| Bibliothèque Faculté des Sciences de la Santé | Bibliothèque Faculté des Sciences de la Santé | Achat | WJ300 JOU | 9904BFSS | 24/06/2013 | 2 | 24/06/2013 | Livre | ||||||
| Bibliothèque Faculté des Sciences de la Santé | Bibliothèque Faculté des Sciences de la Santé | Achat | WJ300 JOU | 10044BFSS | 24/06/2013 | 3 | 24/06/2013 | Livre | ||||||
| Bibliothèque Faculté des Sciences de la Santé | Bibliothèque Faculté des Sciences de la Santé | Achat | WJ300 JOU | 10045BFSS | 24/06/2013 | 4 | 24/06/2013 | Livre |